| 000 | 00974nam a22003377a 4500 | ||
|---|---|---|---|
| 001 | BR8003741 | ||
| 003 | BR-BrBNA | ||
| 005 | 20230928090633.0 | ||
| 007 | ta | ||
| 008 | 230509b bl.||||| |||| 00| 0 por d | ||
| 040 |
_aBR-BrBNA _bpor _cBiblioteca Nacional de Agricultura |
||
| 041 | _a(Por) | ||
| 072 |
_aM00; M10 _b8105 _b/G514 |
||
| 090 | _ 8105 BR8003741 | ||
| 100 | 1 | _aDamasceno, I.B. | |
| 110 | 1 |
_aFundacao Estadual de Planejamento Agricola do Rio Grande do Norte, Natal (Brasil) _94891 |
|
| 245 | 1 | _aPrograma de producao de alevinos e peixamento de acudes [Rio Grande do Norte; Brasil] | |
| 260 | 3 |
_aNatal, RN (Brasil): _c1980. |
|
| 300 | _a20 p. | ||
| 500 | _a5 tables | ||
| 650 | _aPesca | ||
| 650 | _aProducao pesqueira | ||
| 650 | _aPiscicultura | ||
| 650 | _aAlevino | ||
| 650 | _aPeixe | ||
| 650 | _aDesenvolvimento pesqueiro | ||
| 650 | _aAcude | ||
| 650 | _aRio Grande do Norte | ||
| 909 |
_a202309 _bLucia _c55 _dLucia Elande |
||
| 942 | _cBK | ||
| 999 |
_c29764 _d29764 |
||